| 000 | 00932nam a22002537a 4500 | ||
|---|---|---|---|
| 999 |
_c63990 _d63990 |
||
| 005 | 20240530110709.0 | ||
| 008 | 180121s2015 ua a g b 000 0dara d | ||
| 017 |
_a2014/25846 _bمصر. دار الكتب |
||
| 020 | _a9789774313451 | ||
| 040 |
_aEG-CaGPL _cEG-CaGPL |
||
| 082 | 0 | 4 |
_221 _a302.23\ _bإ أ |
| 100 | 0 | _aابراهيم السيد حسنين | |
| 245 | 1 | 0 |
_aاخلاقيات الاعلام وقوانينه / _cابراهيم السيد حسنين |
| 250 | _aط.1 | ||
| 260 |
_aالقاهرة : _bمؤسسة طيبة للنشر والتوزيع، _c2015 . |
||
| 300 |
_a230 ص. ؛ _c24 سم. |
||
| 504 | _aببليوجرفية : 208 - 226 | ||
| 650 | 0 | 7 |
_2qrmak _aوسائل الاعلام |
| 650 | 0 | 7 |
_2qrmak _aالاعلام _xقوانين وتشريعات |
| 650 | 0 | 7 |
_2qrmak _aالتعليم الالكترونى |
| 651 | _2qrmak | ||
| 942 |
_2ddc _cBK |
||